000
00241nam a2200097Ia 4500
001
851268
005
20250826174453.0
008
250824s9999 xx 000 0 und d
245
0
_a
ŞIK
_c
HÜSEYİN RAHMİ GÜRPINAR
260
_b
ÖZGÜR YAYINLARI
999
_c
851268
_d
851268